Strengthening the education towards the capability of cross-cultural communication. Rationale of new strategy
Na minha lista:
| Autor principal: | |
|---|---|
| Formato: | Capítulo de Livro |
| Idioma: | inglês |
| Tags: |
Sem tags, seja o primeiro a adicionar uma tag!
|
MARC
| LEADER | 00000naa$a2200000$$$4500 | ||
|---|---|---|---|
| 001 | 0185761 | ||
| 005 | 20240502073159.6 | ||
| 041 | 0 | |a eng | |
| 044 | |a SK | ||
| 245 | 1 | 0 | |a Strengthening the education towards the capability of cross-cultural communication. Rationale of new strategy |c Jana Lenghardtová |
| 100 | 1 | |a Lenghardtová, Jana | |